Statistics for Largest World Capitals

Click here to take the quiz!

General Stats

  • This quiz has been taken 190 times
  • The average score is 17 of 20

Answer Stats

PopulationAnswer% Correct
37,750,000Tokyo
99%
10,236,000London
98%
21,009,000Beijing
97%
16,170,000Moscow
96%
10,858,000Paris
94%
30,091,000Jakarta
91%
20,063,000Mexico City
91%
14,112,000Buenos Aires
89%
15,600,000Cairo
88%
24,123,000Manila
84%
10,750,000Lima
83%
23,480,000Seoul
82%
13,532,000Tehran
82%
14,998,000Bangkok
81%
8,991,000Bogota
79%
15,669,000Dhaka
71%
11,587,000Kinshasa
66%
7,088,000Kuala Lumpur
62%
6,625,000Baghdad
59%
7,438,000Taipei
59%

Score Distribution

Percentile by Number Answered

Percent of People with Each Score

Your Score History

You have not taken this quiz